Tres alternativas frente al incumplimiento del pago de alimentos (Registro nro. 33203)

Detalles MARC
000 -LEADER
fixed length control field 00380 a2200109 4500
001 - CONTROL NUMBER
control field ART_59637
005 - DATE AND TIME OF LATEST TRANSACTION
control field 20260410162022.0
008 - FIXED-LENGTH DATA ELEMENTS--GENERAL INFORMATION
fixed length control field 260409a
100 1# - MAIN ENTRY--PERSONAL NAME
Personal name Romero, Luis E.
245 10 - TITLE STATEMENT
Title Tres alternativas frente al incumplimiento del pago de alimentos
773 0# - HOST ITEM ENTRY
Title Temas de derecho de familia, sucesiones y bioética
Related parts - Año 7, N° 11 (nov. 2023)
Record control number REV41029

No hay ítems disponibles.